00906 2200265 4500001002100000005001500021035002500036008004100061040001700102082002000119084002200139090002600161090002200187100005200209245015600261260004600417300004500463650002800508700002300536850001200559007000300571999002200574990002200596990002200618INLIS00000000000316020200616110403 a0010-041500000000226150402s yoia g ind d aYOPDYOGbind04222a959.8234021 a959.8234021 BAD k aDEP 959.8234021 BAD k aCB-D.11 2014-14540 aBadan Pusat Statistik ( Kabupaten Kulon Progo )00aKabupaten Kulon Progo dalam angka :bKulon Progo regency in figures 2014 /cBadan Pusat Statistik Kabupaten Kulon Progo; penyunting, Andriana Nurmahmud3 aWates :bBPS Kabupaten Kulon Progo,c2014 axxiii, 409 halaman :bilustrasi ;c21 cm 4aKulon Progo - Statistik0 aAndriana Nurmahmud aYOPDYOGta aCB-D.11/2014-1454 aCB-D.11/2014-1454 aCB-D.11/2014-1454